000 00524nam a2200193Ia 4500
003 GCL
008 140319s9999 xx 000 0 eng d
040 _aGCL /
_cGCL
082 0 4 _aCH
_b745.5
_bW I
100 1 _aWALTON, SALLY
245 1 0 _aI CAN MAKE THINGS: HOW TO MAKE CRAFT PROJECTS FOR THE VERY YOUNG /
_cWALTON, SALLY
260 _a[S.N] :
_bLORENZ BOOKS ،
_c1995
300 _a41 P
650 0 4 _aHANDICRAFTS
650 0 4 _aCHILDREN
650 0 4 _aDECORATIVE ARTS
650 0 4 _aCHILDREN - BOOKS
942 _2ddc
_cBK
999 _c14777
_d14777